| 000 | 00600nam a2200205Ia 4500 | ||
|---|---|---|---|
| 003 | GCL | ||
| 008 | 140319s9999 xx 000 0 ara d | ||
| 040 |
_aGCL / _cGCL |
||
| 082 | 0 | 4 |
_a801.95 _bش ن |
| 100 | 1 | _aشوقى ضيف | |
| 245 | 1 | 0 |
_aالنقد / _cشوقى ضيف |
| 250 | _aالخامسة | ||
| 260 |
_aالقاهرة : _bدار المعارف ، _c1984 |
||
| 300 |
_a131 ص ؛ _c20 سم |
||
| 490 |
_aفنون الادب العربى (الفن التعليمى) _v1 |
||
| 650 | 0 | 4 | _aالادب العربى |
| 650 | 0 | 4 | _aالنقد |
| 650 | 0 | 4 | _aالقاطرات |
| 942 |
_2ddc _cBK |
||
| 999 |
_c53061 _d53061 |
||